Países Europeus Encravados - Statistics

Estatísticas Gerais
  • Esse quiz foi jogado 20 203 vezes
  • A pontuação média é 11 de 15
Estatísticas das Respostas
País % Correto
Suíça
84%
Andorra
83%
Áustria
82%
Eslováquia
80%
Vaticano
80%
Luxemburgo
79%
Hungria
78%
Sérvia
75%
Liechtenstein
73%
República Checa
73%
Kosovo
72%
Bielorrússia
71%
San Marino
71%
Macedónia do Norte
67%
Moldávia
66%
Nenhum quiz correspondente encontrado
Distribuição das Pontuações
Porcentagem de Pessoas com Cada Pontuação
Percentil de Números Respondidos
Sua Pontuação Histórica
Você não jogou esse quiz